A review of economic doctrines, 1870-1929 (Record no. 80212)
[ view plain ]
| 000 -LEADER | |
|---|---|
| fixed length control field | 00643nam a2200145 a 4500 |
| 008 - FIXED-LENGTH DATA ELEMENTS--GENERAL INFORMATION | |
| fixed length control field | 120416s1953 ||||||||||||||||| || u |
| 050 ## - LIBRARY OF CONGRESS CALL NUMBER | |
| Classification number | HB 85 Hut |
| 100 ## - MAIN ENTRY--PERSONAL NAME | |
| Personal name | Hutchison, Terence Wilmot |
| 245 12 - TITLE STATEMENT | |
| Title | A review of economic doctrines, 1870-1929 |
| 260 ## - PUBLICATION, DISTRIBUTION, ETC. | |
| Place of publication, distribution, etc. | Oxford |
| Name of publisher, distributor, etc. | Clarendon |
| Date of publication, distribution, etc. | [1953] |
| 300 ## - PHYSICAL DESCRIPTION | |
| Extent | xiv, 456p. : ill |
| 350 ## - | |
| -- | 0.00 |
| 995 ## - | |
| -- | ANNEX COLLECTION (Main Library) |
| -- | 0.00 |
| -- | 001809 |
| -- | CBU-MAIN LIBRARY (Kitwe) |
| -- | 1 |
| -- | 0.00 |
| -- | HB 85 Hut |
| -- | AVAILABLE |
| -- | 001809 |
| -- | Annex Low-Usage Collection |
| 995 ## - | |
| -- | MAIN LIBRARY OPEN ACCESS |
| -- | 0.00 |
| -- | 001808 |
| -- | CBU-MAIN LIBRARY (Kitwe) |
| -- | 2 |
| -- | 0.00 |
| -- | HB 85 Hut |
| -- | AVAILABLE |
| -- | 001808 |
| -- | Main Library Open Access Collection |
| 999 ## - | |
| -- | 80212 |
| -- | 80212 |
| Withdrawn status | Lost status | Source of classification or shelving scheme | Damaged status | Not for loan | Permanent Location | Current Location | Shelving location | Date acquired | Total Checkouts | Full call number | Barcode | Date last seen | Copy number | Price effective from | Koha item type |
|---|---|---|---|---|---|---|---|---|---|---|---|---|---|---|---|
| CBU-MAIN LIBRARY, KITWE. | CBU-MAIN LIBRARY, KITWE. | 06/29/2023 | HB 85 Hut | 001809 | 06/29/2023 | 1 | 06/29/2023 | MONOGRAPH | |||||||
| CBU-MAIN LIBRARY, KITWE. | CBU-MAIN LIBRARY, KITWE. | 06/29/2023 | HB 85 Hut | 001808 | 06/29/2023 | 2 | 06/29/2023 | MONOGRAPH |